Zajištění závazků v České republice

Salvato in:
Dettagli Bibliografici
Natura: Libro
Lingua:ceco
Pubblicazione: Praha C.H. BECK 2003
Edizione:2. přeprac. a dopl. vyd.
Serie:Právo a hospodářství
Soggetti:
Tags: Aggiungi Tag
Nessun Tag, puoi essere il primo ad aggiungerne!!

MARC

LEADER 00000nam$a2200000$$$4500
001 0023171
005 20240306141745.9
020 |a 80-7179-658-1 
041 0 |a cze 
044 |a CZ 
245 1 0 |a Zajištění závazků v České republice 
250 |a 2. přeprac. a dopl. vyd. 
264 1 |a Praha  |b C.H. BECK  |c 2003 
300 |a 377 s. 
490 1 |a Právo a hospodářství 
830 0 |a Právo a hospodářství 
610 2 0 |a záväzky 
610 2 0 |a zaistenie 
610 2 0 |a Česko 
610 2 0 |a právo záložné 
610 2 0 |a právo 
610 2 0 |a právo občianske 
610 2 0 |a prevod práva zaisťovací 
610 2 0 |a pohľadávky 
610 2 0 |a ručenie 
610 2 0 |a záruka 
610 2 0 |a akreditív dokumentárny 
610 2 0 |a zmenky 
610 2 0 |a vlastníctvo 
610 2 0 |a pokuty 
610 2 0 |a právo zádržné 
610 2 0 |a dlhy 
610 2 0 |a zrážky zo mzdy 
610 2 0 |a vzory